Systematizing groupwork activities in the language classroom

Պահպանված է:
Մատենագիտական մանրամասներ
Հիմնական հեղինակ: Hernández Herrero, Annabelle
Ձևաչափ: Գիրք
Լեզու:Undetermined
Հրապարակվել է: San José, Costa Rica Escuela de Lenguas Modernas, Universidad de Costa Rica 1994
Խորագրեր:
Ցուցիչներ: Ավելացրեք ցուցիչ
Չկան պիտակներ, Եղեք առաջինը, ով նշում է այս գրառումը!

MARC

LEADER 00000nam a2200000Ia 4500
008 170316s9999 xx 000 0 und d
040 |a cru BVZT 
090 |a TESIS 503 
100 |a Hernández Herrero, Annabelle 
245 |a Systematizing groupwork activities in the language classroom 
260 |a San José, Costa Rica 
260 |b Escuela de Lenguas Modernas, Universidad de Costa Rica 
260 |c 1994 
300 |a 112 páginas 
650 |a LICENCIATURA EN LENGUA INGLESA 
650 |a TRABAJO FINAL DE GRADUACIÓN 
999 |c 14151  |d 14151 
942 |c TFG  |h TESIS 503  |2 z